Biblioteca

Vida de Apolonio de Tiana / Filóstrato ; (Registro nro. 45092)

Detalles MARC
000 -LÍDER
Campo fijo de descripción fija 01538cam a2200289 i 4500
001 - NÚMERO DE CONTROL
Campo de control 18679
003 - IDENTIFICADOR DEL NÚMERO DE CONTROL
Campo de control CO-MdFUSB
005 - FECHA Y HORA DE LA ULTIMA TRANSACCIÓN
control field 20220806124451.0
008 - ELEMENTOS DE LONGITUD FIJA -- INFORMACIÓN GENERAL
Campo fijo de descripción fija -- Información general 220806t1992 sp |||| |||| 00| 0 spa d
020 ## - NÚMERO INTERNACIONAL NORMALIZADO PARA LIBROS
Número Internacional Normalizado del libro 84-249-3522-5
040 ## - FUENTE DE CATALOGACIÓN
Idioma de catalogación spa.
Agencia de catalogación original CO-MdFUSB
Agencia que realiza la transcripción CO-MdFUSB
Agencia que realiza la modificación CO-MdFUSBC
Convenciones de la descripción rda
041 ## - CÓDIGO DE IDIOMA
Código de idioma para texto/pista de sonido o título separado spa
082 04 - NÚMERO DE CLASIFICACIÓN DECIMAL DEWEY
Número de clasificación R F489v
100 1# - ASIENTO PRINCIPAL--NOMBRE PERSONAL
Nombre personal Filóstrato
Término relacionador autor
245 10 - TÍTULO
Título del Material Vida de Apolonio de Tiana / Filóstrato ;
Mención de responsabilidad, etc. / traducción, introducción y notas por Alberto Bernabé Pajares
264 #1 - PRODUCCIÓN, PUBLICACIÓN, DISTRIBUCIÓN, MANUFACTURA, Y COPYRIGHT
Lugar de producción, publicación, distribución, manufactura Madrid :
Nombre del productor, publicador, distribuidor Gredos,
Fecha de producción, publicación, distribución, manufactura, o copyright © 1992
264 #4 - PRODUCCIÓN, PUBLICACIÓN, DISTRIBUCIÓN, MANUFACTURA, Y COPYRIGHT
Fecha de producción, publicación, distribución, manufactura, o copyright © 1992
300 ## - DESCRIPCIÓN FÍSICA
Extensión 534 páginas
Dimensiones ;
336 ## - TIPO DE CONTENIDO
Fuente rdacontent
Término de tipo de contenido texto
Código de tipo de contenido txt
337 ## - TIPO DE MEDIO
Fuente rdamedia
Nombre del tipo de medio sin mediación
Código del tipo de medio n
338 ## - TIPO DE SOPORTE
Fuente rdacarrier
Nombre del tipo de soporte volumen
Código Tipo de soporte nc
501 ## - NOTA DE “CON”
Nota de Contenido pasta dura
505 ## - NOTA DE CONTENIDO
Nota de contenido con formato preestablecido El renacimiento literario en época imperial -- Filóstrato y el círculo de Julia Domna -- Apolonio de Tiana -- Las fuentes de la Vida de Apolonio de Tiana y la autenticidad del libro de Damis -- Los elementos históricos de la Vida de Apolonio -- La Vida de Apolonio, ¿novela o biografía? -- Las digresiones y los discursos dentro de la Vida -- Los milagros de Apolonio y su relación con la aretología y la hagiografía -- La posteridad: Apolonio y Cristo -- El texto de la Vida de Apolonio: ediciones y traducciones -- Divergencias respecto a la edición teubneriana de Kayser -- Libro I -- Libro II -- Libro III -- Libro IV -- Libro V -- Libro VI -- Libro VII -- Libro VIII
650 14 - ASIENTO SECUNDARIO DE MATERIA - TERMINO TEMÁTICO
Término temático o nombre geográfico como elemento de entrada SOFISTAS (FILOSOFIA) \ FILOSOFIA GRIEGA \ OBRA CLASICA
942 ## - TIPO DE MATERIAL (KOHA)
Tipo de Item KOHA Libros General
945 ## - INFORMACIÓN LOCAL DEL REGISTRO
Catalogador Estudiante
Existencias
Estado de Material Estado de Perdido Estado de Dañado No para Préstamo Colección Tomo Biblioteca de Origen Biblioteca Permanente Fecha de Adquisición Total de Préstamos Signatura Topográfica Código de Barras Última vez visto Ejemplar/Existencia Fecha de Remplazo Tipo de Material
        Colección de Referencia   Biblioteca FUSBC Biblioteca FUSBC 16/10/2014   R F489v 18664 12/12/2019 1 26/01/2016 Libros de Referencia

Biblioteca FUSBC | Teléfono: (57+4) 349 88 10 Ext. 141| WhatsApp (+57) 3005338115 
E-mail: biblioteca@unisbc.edu.co | Calle 76 87-14 Robledo Palenque, Medellín, Colombia

Con tecnología Koha